Resident Evil - Personnages par images - Statistiques

Statistiques générales
  • Ce quiz a été pris 49 fois
  • Le résultat moyen est 10 sur 16
Statistiques - réponses
Par images Réponse % Correct
Chris Redfield
95%
Jill Valentine
89%
Léon Scott Kennedy
89%
Ada Wong
84%
Rosemary Winters
81%
Ashley Graham
78%
Claire Redfield
78%
Grace Ashcroft
76%
Lady Alcina Dimitrescu
65%
Rebecca Chambers
57%
Sherry Birkin
57%
Sheva Alomar
51%
Osmund Saddler
38%
Billy Coen
32%
Jessica Sherawat
5%
Luciani Parker
0%
Aucun quiz correspondant
Distribution des résultats
% des personnes avec chaque résultat
Percentile par nombre de réponses
Votre historique - résultats
Vous n’avez pas pris ce quiz